Statistics for Weird Pokedex Entries

Click here to take the quiz!

General Stats

  • This quiz has been taken 117 times
  • The average score is 5 of 10

Answer Stats

HintAnswer% Correct
Its actual appearance is unknown. A scholar who saw what was under its rag was overwhelmed by terror and died from the shock.Mimikyu
87%
A discarded bug shell that came to life. Peering into the crack on it's back is said to steal ones spirit.Shedinja
73%
This legendary Chinese Pokemon is considered magnificent. Many people are enchanted by its grand mane.Arcanine
60%
It can clear a 30-story building in a leap. Its fiery punches scorch its foes.Blaziken
57%
It expels its internal steam from the arms on its back. It has enough power to blow away a mountain.Volcanion
57%
If it bonds with a person, it will gently envelop the friend with its soft wings, then hum.Altaria
41%
It has an aggressive nature. It stabs prey with its long, narrow mouth to drain the preys fluids.Beautifly
30%
Its shell is filled with its soft innards. It doesn't move much because of the risk it might carelessly spill its innards out.Metapod
22%
If for some reason its body bursts, its soul spills out with a screaming sound.Drifloon
21%
It understands human speech and is highly intelligent. It is a tender Pokemon that dislikes fighting.Latios
15%

Score Distribution

Percentile by Number Answered

Percent of People with Each Score

Your Score History

You have not taken this quiz